Gares sur les lignes de Beauvais à Paris Nord / Creil - Statistiques

Statistiques générales
  • Ce quiz a été pris 22 fois
  • Le résultat moyen est 8 sur 32
Statistiques - réponses
Embranchement Département Gare % Correct
1 Oise (60) Creil
85%
0 Oise (60) Beauvais
70%
0 Paris (75) Paris-Nord
60%
0 Oise (60) Chambly
50%
0 (60) Méru
50%
0 Val-d'Oise (95) Persan-Beaumont
40%
0 (93) Saint-Denis
40%
0 Seine-Saint-Denis (93) Epinay - Villetaneuse
25%
0 (95) Groslay
25%
0 (60) Laboissière - Le Déluge
25%
1 (60) Montataire
25%
0 Seine-Saint-Denis (93) Stade-de-France - Saint-Denis
25%
0 (95) Bouffémont - Moisselles
20%
1 (60) Cires-lès-Mello
20%
0 Val-d'Oise (95) Deuil - Montmagny
20%
0 (95) Domont
20%
0 (95) Ecouen - Ezanville
20%
0 (95) Montsoult - Maffliers
20%
1 (60) Mouy - Bury
20%
0 (95) Nointel - Mours
20%
0 (95) Presles-Courcelles
20%
1 (60) Rochy-Condé
20%
0 (95) Sarcelles - Saint-Brice
20%
0 (60) Esches
15%
1 (60) Heilles - Mouchy
15%
0 (60) Saint-Sulpice - Auteuil
15%
1 (60) Balagny - Saint-Epin
10%
0 (60) Bornel - Belle-Eglise
10%
1 (60) Cramoisy
10%
1 (60) Hermes - Berthecourt
10%
1 (60) Montreuil-sur-Thérain
10%
1 (60) Villers-Saint-Sépulcre
5%
Aucun quiz correspondant
Distribution des résultats
% des personnes avec chaque résultat
Percentile par nombre de réponses
Votre historique - résultats
Vous n’avez pas pris ce quiz